01084cam a2200301 a 45000010008000000030009000080050017000170080041000340200018000750200015000930400038001080820021001461000047001672450042002142640050002563000023003063360026003293370028003553380027003835040041004106500010004516510075004616530023005366550024005599420012005839990017005959520170006123102835EG-ScBUE20220210094131.0990309s2000 nyu f b 000 1 eng d a9780316926607 a0316926604 aDLCbengerdacDLCdDLCdEG-ScBUE04a823.912222bWAU1 aWaugh, Evelyn,d1903-1966,eauthor.93073914aThe Complete stories of Evelyn Waugh. 1aNew York :bLittle, Brown and Company,c2000. a611 pages ;c24 cm 2rdacontentatextbtxt 2rdamediaaunmediatedbn 2rdacarrieravolumebnc aIncludes bibliographical references. 2BUEsh 7aEnglandxSocial life and customsy20th centuryvFiction.2BUEsh930740 cJuly2012bHHUUEENN vReading book934232 2ddccBB c16907d16907 00102ddc40708BaccahaMAINbMAINc2NDd2012-07-19epurchaseg124.00h15359l1o823.912 WAUp000027026q2026-06-02r2026-05-03 00:00:00s2026-05-03w2012-07-19yBB